| 000 | 00695nam a22001577a 4500 | ||
|---|---|---|---|
| 003 | OSt | ||
| 005 | 20160325143611.0 | ||
| 008 | 160325b xxu||||| |||| 00| 0 eng d | ||
| 040 | _cRUA | ||
| 082 | _aATM NOV 2004 B473 Or.1 | ||
| 100 |
_98222 _aNOV NIL, នៅ និល |
||
| 245 | _aការសិក្សាស្វែងយល់ពីសក្ដានុពលក្នុងការរៀបចំសហគមន៍ព្រៃឈើវត្តបាត់គង ឃុំ រហាល ស្រុកព្រះនេត្រព្រះ ខេត្តបន្ទាយមានជ័យ | ||
| 260 |
_aPhnom Penh _bRUA _c2004 |
||
| 300 |
_aii; 22p. _bill. _c29cm. |
||
| 942 |
_2ddc _cATM |
||
| 999 |
_c7845 _d7845 |
||